Tragedie latine del XII e XIII secolo

Saved in:
Bibliographic Details
Main Author: Bertini, Ferruccio (Author)
Format: Book
Language:Italian
Published: Génova Dipartimento di Archeologia, Filologia Classica e Loro Tradizioni 1994
Subjects:
Tags: Add Tag
No Tags, Be the first to tag this record!

MARC

LEADER 00000nam a2200000 a 4500
001 UCJ0455
003 CL-VaPUC
008 060804e19940000IT |||||||||||||||||ita|d
082 0 4 |a 872  |b BER  |2 21 
100 0 |a Bertini, Ferruccio  |e author  |9 500623 
245 1 0 |a Tragedie latine del XII e XIII secolo 
300 |a 344 p 
942 |c BK 
945 |d 20060804 00:00:00  |a cmena 
260 |a Génova  |b Dipartimento di Archeologia, Filologia Classica e Loro Tradizioni  |c 1994 
650 0 |a Tragedias latinas   |9 313329 
650 7 |a LITERATURA LATINA SIGLOS 12-13  |2 CL-VaPUC  |9 500624 
583 |a last modification  |c 20160817 03:24:02  |k Rodrigo Vera 
999 |c 317289  |d 317287 
952 |0 0  |1 0  |4 0  |6 872_000000000000000_BER_1994  |7 0  |8 A  |9 393364  |a BIBHIS  |b BIBHIS  |d 2019-11-22  |i 3258351  |o 872 BER 1994  |p 3258351  |r 2025-01-20  |w 2019-11-22  |y BK  |k HIS